01447nam a2200253 a 450000100100000000500170001000800410002702000150006804000250008308200270010824500790013526000510021430000210026550000340028650000180032050504910033865000240082970000240085391000390087704900090091695201250092595201260105099900170117600002260320250501120733.0101014s2006 dr 000 0 spa d a9993464042 aDO-SdBNPbspacBNPHU a972.93053bG158e, 200613aLa era de Trujillo /cJesús de Galíndez ; presentación Orlando Inoa. aSanto Domingo :bLetra gráfica breve,c2006. a463 p. ;c19 cm. aIncluye índice onomástico aIncluye notas2 aLa Era de Trujillo -- Parodia constitucional -- Elecciones y renuncias -- Terror difuso en vez de libertad -- Partido único y sindicatos de Gobierno -- Instituciones sociales de relleno -- Estilo personal del tirano -- Repercusiones de la política internacional - El anticomunismo de Trujillo -- La obra positiva del régimen trujillista -- Crítica del régimen y grupos de oposición -- Conclusiones -- Bibliografía fuentes usadas para este estudio -- Índice onomástico.10aDemografía9454431 aInoa, Orlando95784 aValidado. Control de calidad BNPHU aBNPD 0010718PDaPDbPDcHDd2010-10-14iLF1l0o972.93053 G158e, 2006p22603-10r2020-06-25w2020-06-25yLFPDZNo se presta 00107-18PDaPDbPDcOId2019-10-30iLF1l0o972.93053 G158e, 2006p22603-30r2020-06-25w2020-06-25yLFPDZNo se presta c22100d22100